Breaking frame : technology and the visual arts in the nineteenth century /

Bibliographic Details
Main Author: Wosk, Julie
Format: Book
Language:English
Published: New Brunswick, N.J. : Rutgers University Press, [1992]
Subjects:

MARC

Tag First Indicator Second Indicator Subfields
LEADER 00000cam a2200000 a 4500
001 in00001105421
005 20150930061748.0
008 920609s1992 njua b s001 0 eng
010 |a  92001623  
020 |a 0813519241 :  |c $35.00 
020 |a 081351925X (pbk.) :  |c $16.95 
035 |a (OCoLC)26129662 
035 |9 AFV1990AM 
040 |a DLC  |c DLC  |d TXA  |d UtOrBLW 
049 |a TXAM 
050 0 0 |a N72.T4  |b W67 1992 
082 0 0 |a 701/.05  |2 20 
100 1 |a Wosk, Julie. 
245 1 0 |a Breaking frame :  |b technology and the visual arts in the nineteenth century /  |c Julie Wosk. 
264 1 |a New Brunswick, N.J. :  |b Rutgers University Press,  |c [1992] 
264 4 |c ©1992 
300 |a xiii, 267 pages :  |b illustrations ;  |c 24 cm. 
336 |a text  |b txt  |2 rdacontent 
337 |a unmediated  |b n  |2 rdamedia 
338 |a volume  |b nc  |2 rdacarrier 
504 |a Includes bibliographical references (pages [223]-249) and index. 
650 0 |a Art and technology  |x History  |y 19th century. 
999 |a MARS 
999 f f |s fc3c411e-a9c2-30e5-9eef-e083afa0b690  |i 195d56ac-b286-3d80-89ac-308530ef1503  |t 0 
952 f f |p normal  |a Texas A&M University  |b College Station  |c Sterling C. Evans Library  |d Evans: Library Stacks  |t 0  |e N72.T4 W67 1992  |h Library of Congress classification  |i unmediated -- volume  |m A14817030623 
998 f f |a N72.T4 W67 1992  |t 0  |l Evans: Library Stacks